000 00770cam a2200229 4500
001 J3745
008 090401t1996 xxu||||| |||| 00| 0 eng d
035 _a(Sirsi) u56795
041 _aeng
050 _a692.8
090 _aJCT 1996/3A
110 _aJoint Contracts Tribunal
_93664
245 _aStandard Form of Building Contract 1980 edition incorporating amendments 1 to 15. Fluctuations : fluctuations clauses for use with the private versions. Reprinted March 1996 with corrections.
260 _aLondon
_bRIBA Publications
_c1996
300 _a32p. ; 30cm.
350 _a6.75
650 _aFLUCTUATION CLAUSES
650 _aJCT STANDARD FORM OF CONTRACT 1980
690 _aBUILT ENVIRONMENT-BUILDING CONTRACT FORMS
942 _n0
948 _c04/03/1997
999 _c93830
_d93830